000 00301nam a22001217a 4500
008 180427b xxu||||| |||| 00| 0 eng d
041 _aeng
080 _a043.3
100 _a0
101 _aMBE-BA
245 _aAvancimi i Menaxhimit ne Ndermarrjet e Vogla dhe te Mesme
_cCakolli, F
942 _2udc
_cBK
999 _c45615
_d45615